América Latina en el siglo XXI: de la esperanza a la equidad
Guardat en:
| Autor principal: | |
|---|---|
| Format: | Llibre |
| Idioma: | espanyol |
| Publicat: |
Ciudad de México
Fondo de Cultura Económica
1999
|
| Matèries: | |
| Etiquetes: |
Afegir etiqueta
Sense etiquetes, Sigues el primer a etiquetar aquest registre!
|
MARC
| LEADER | 00000nam a2200000 a 4500 | ||
|---|---|---|---|
| 001 | UCN4423 | ||
| 003 | CL-VaPUC | ||
| 008 | 010803e19990000MX |||||||||||||||||spa|d | ||
| 082 | 0 | 4 | |a 338.98 |b CON |2 21 |
| 100 | 0 | |a Contreras Quina, Carlos |e author |9 460817 | |
| 245 | 1 | 0 | |a América Latina en el siglo XXI: de la esperanza a la equidad |
| 300 | |a 457 p | ||
| 942 | |c BK | ||
| 945 | |d 20010803 00:00:00 |a cmena | ||
| 260 | |a Ciudad de México |b Fondo de Cultura Económica |c 1999 | ||
| 650 | 0 | |a Desarrollo económico y social |9 256320 | |
| 650 | 0 | |a Condiciones económicas |9 258255 | |
| 650 | 0 | |a Economía internacional |9 258254 | |
| 650 | 0 | |a Soberanía |9 266726 | |
| 650 | 0 | |a Democracia |9 255256 | |
| 650 | 0 | |a Igualdad de oportunidades |9 331873 | |
| 651 | 0 | |a América Latina |9 255027 | |
| 583 | |a last modification |c 20010803 00:00:00 |k Rodrigo Vera | ||
| 999 | |c 296668 |d 296666 | ||
| 952 | |0 0 |1 0 |4 0 |6 338_980000000000000_CON_1999 |7 0 |8 A |9 350677 |a BIBHIS |b BIBHIS |d 2019-11-20 |i 374020K |o 338.98 CON 1999 |p 374020K |r 2025-01-20 |w 2019-11-20 |y BK |k HIS | ||
| 952 | |0 0 |1 0 |4 0 |6 338_980000000000000_CON_1999 |7 0 |8 A |9 350678 |a BIBHIS |b BIBHIS |d 2019-11-20 |i 381114K |o 338.98 CON 1999 |p 381114K |r 2025-01-20 |w 2019-11-20 |y BK |k HIS | ||